| 000 | 00588nam a2200205Ia 4500 | ||
|---|---|---|---|
| 003 | GCL | ||
| 008 | 140319s9999 xx 000 0 ara d | ||
| 040 |
_aGCL / _cGCL |
||
| 082 | 0 | 4 |
_a791.43 _bد س |
| 100 | 1 | _aدرية شرف الدين | |
| 245 | 1 | 0 |
_aالسياسة والسينما فى مصر 1981-1961 / _cدرية شرف الدين |
| 260 |
_a[S.N] : _bدار الشروق ، _c1992 |
||
| 300 | _a270 ص | ||
| 490 | _a | ||
| 650 | 0 | 4 | _aمصر |
| 650 | 0 | 4 | _aالسياسة |
| 650 | 0 | 4 | _aالافلام السينمائية |
| 650 | 0 | 4 | _aتاريخ ونقد |
| 942 |
_2ddc _cBK |
||
| 999 |
_c55790 _d55790 |
||